| 000 | 00585nam a2200193 u 4500 | ||
|---|---|---|---|
| 005 | 20250924063933.0 | ||
| 008 | 090519s2000 r 000 0 eng d | ||
| 020 | _a9701837428 | ||
| 035 | _aUPN01000170530 | ||
| 049 | _aI | ||
| 050 | 4 |
_aPZ78 _bF4.2 |
|
| 100 | 1 | _aFernández Mata, Catalina | |
| 245 | 1 | 3 |
_aEl Curro / _cversión escrita de Catalina Fernández Mata ; il. de Liliana Infante. |
| 260 |
_aMéxico : _bCONAFE, _c2000. |
||
| 300 |
_a52 p. : _bil. |
||
| 650 | 4 |
_aLiteratura infantil mexicana _910209 |
|
| 650 | 4 |
_aFantasmas _vLiteratura infantil _911355 |
|
| 905 | _aInfantil | ||
| 999 |
_c142635 _d142635 |
||